[Event "European Championship (rapid) 2015"]
[Site "Minsk BLR"]
[Date "2015.12.20"]
[Round "10"]
[White "Rozum, Ivan"]
[Black "Inarkiev, Ernesto"]
[Result "0-1"]
[WhiteElo "2559"]
[BlackElo "2668"]
[PlyCount "80"]
[EventDate "2015.12.19"]

1. Nf3 d5 2. d4 Nf6 3. c4 e6 4. g3 Bb4+ 5. Bd2 Be7 6. Bg2 O-O 7. O-O c6 8. Qc2
b6 9. Rd1 Nbd7 10. Bf4 Bb7 11. Ne5 Nh5 12. Bd2 Nhf6 13. cxd5 cxd5 14. Nc6 Bxc6
15. Qxc6 Rc8 16. Qb5 Ne8 17. Qd3 Nd6 18. Nc3 Nb8 19. e4 dxe4 20. Nxe4 Nd7 21.
Bf4 Nf6 22. Nc3 Nc4 23. Qe2 Bd6 24. Bg5 h6 25. Bxf6 Qxf6 26. Rac1 Qe7 27. Bh3
Nxb2 28. Qxb2 Ba3 29. Qd2 Bxc1 30. Rxc1 Rfd8 31. Ne2 Rxc1+ 32. Qxc1 Qd7 33. Bg2
Rc8 34. Qb2 Qa4 35. Be4 f5 36. Bb1 Qd1+ 37. Kg2 Rc4 38. h4 a6 39. h5 b5 40. Nf4
Rc1 0-1

[Event "European Championship (rapid) 2015"]
[Site "Minsk BLR"]
[Date "2015.12.20"]
[Round "11"]
[White "Inarkiev, Ernesto"]
[Black "Razin, Vadim"]
[Result "0-1"]
[WhiteElo "2668"]
[BlackElo "2345"]
[PlyCount "84"]
[EventDate "2015.12.19"]

1. d4 d5 2. c4 dxc4 3. e4 e5 4. Nf3 exd4 5. Bxc4 Bb4+ 6. Nbd2 Nc6 7. O-O Nf6 8.
e5 Nd5 9. Nb3 Nb6 10. Bb5 O-O 11. Bxc6 bxc6 12. Bg5 Be7 13. Bxe7 Qxe7 14. Qxd4
Be6 15. Rac1 Bd5 16. Nfd2 Qg5 17. Ne4 Qg6 18. Ng3 f6 19. Rfe1 fxe5 20. Rxe5 Rf7
21. Rce1 Raf8 22. f3 h6 23. Nc5 Rf4 24. Qf2 Nc4 25. Re7 Qg5 26. b3 Nd6 27. Rxc7
Nf5 28. Ne6 Bxe6 29. Rxe6 Rd4 30. Nxf5 Rd1+ 31. Re1 Rxe1+ 32. Qxe1 Rxf5 33.
Rxc6 Re5 34. Rc8+ Kf7 35. Rc7+ Kg8 36. Qc1 Qf6 37. Qc4+ Kh7 38. Qd3+ Kg8 39.
Rc8+ Kf7 40. Qc4+ Re6 41. Rc6 Qa1+ 42. Kf2 Qe1# 0-1

[Event "European Championship (rapid) 2015"]
[Site "Minsk BLR"]
[Date "2015.12.20"]
[Round "8"]
[White "Zhigalko, Sergei"]
[Black "Short, Nigel D"]
[Result "1-0"]
[WhiteElo "2655"]
[BlackElo "2684"]
[PlyCount "67"]
[EventDate "2015.12.19"]

1. e4 e5 2. Nf3 Nc6 3. Bc4 Bc5 4. O-O Nf6 5. d3 O-O 6. Nbd2 d6 7. c3 a6 8. Bb3
Be6 9. Nc4 Bxc4 10. Bxc4 Na5 11. Bb3 Nxb3 12. axb3 Bb6 13. Be3 c6 14. b4 Re8
15. Re1 Bc7 16. Bg5 h6 17. Bh4 Re6 18. d4 g5 19. Bg3 exd4 20. Nxd4 Rxe4 21. Qf3
Qe7 22. Rxe4 Nxe4 23. Re1 d5 24. Nf5 Qd7 25. Qg4 Rd8 26. Nxh6+ Kg7 27. Nf5+ Kg6
28. Bxc7 Qxc7 29. f3 Qb6+ 30. Nd4 Nd6 31. h4 Rg8 32. Qxg5+ Kh7 33. Qh5+ Kg7 34.
Qe5+ 1-0

[Event "European Championship (rapid) 2015"]
[Site "Minsk BLR"]
[Date "2015.12.20"]
[Round "9"]
[White "Alekseev, Evgeny"]
[Black "Zhigalko, Sergei"]
[Result "1/2-1/2"]
[WhiteElo "2642"]
[BlackElo "2655"]
[PlyCount "120"]
[EventDate "2015.12.19"]

1. Nf3 d5 2. d4 c6 3. c4 e6 4. e3 Bd6 5. Bd3 f5 6. O-O Nf6 7. b3 Qe7 8. Bb2 O-O
9. Nc3 Ne4 10. Ne2 Nd7 11. Rc1 a5 12. Bb1 b6 13. Nf4 Ba6 14. Nd3 Rac8 15. Re1
Rfd8 16. Re2 c5 17. Rec2 dxc4 18. bxc4 Rc7 19. a4 Bb7 20. Ba2 Nb8 21. Nfe5 Na6
22. f3 Ng5 23. Rd2 Rcc8 24. dxc5 Nxc5 25. Nxc5 Bxc5 26. Bd4 Nf7 27. Nxf7 Kxf7
28. Rb1 Bc6 29. Rbb2 Rd7 30. Bxc5 Rxd2 31. Qxd2 Qxc5 32. Qd4 e5 33. Qxc5 bxc5
34. Bb1 g6 35. Kf2 Ke7 36. Bc2 Kd6 37. Ke2 Rd8 38. Rb1 Kc7 39. g3 Rf8 40. f4
Re8 41. h4 h5 42. Rb2 Re7 43. Rb1 Re8 44. Rb2 Bd7 45. Kd2 Re6 46. Rb1 Rd6+ 47.
Kc3 Re6 48. Kd2 Re8 49. Rb2 Bc6 50. Rb1 Rd8+ 51. Kc3 Re8 52. Kd2 Bd7 53. Rb2
Re6 54. Rb1 Be8 55. Rb2 Rd6+ 56. Kc3 Re6 57. Kd2 Re7 58. Rb1 Bc6 59. Rb2 Rd7+
60. Kc3 Re7 1/2-1/2

[Event "European Championship (rapid) 2015"]
[Site "Minsk BLR"]
[Date "2015.12.20"]
[Round "10"]
[White "Zhigalko, Sergei"]
[Black "Kovalev, Vladislav"]
[Result "0-1"]
[WhiteElo "2655"]
[BlackElo "2546"]
[PlyCount "92"]
[EventDate "2015.12.19"]

1. e4 e5 2. Nf3 Nc6 3. Bb5 a6 4. Ba4 Nf6 5. O-O Be7 6. Re1 b5 7. Bb3 d6 8. c3
O-O 9. h3 Bb7 10. d3 Nd7 11. Nbd2 Nc5 12. Bc2 Ne6 13. Nf1 Bf6 14. Ng3 g6 15.
Be3 Bg7 16. d4 Na5 17. b3 c5 18. d5 Nf4 19. Qd2 Bc8 20. Ne2 Nxe2+ 21. Qxe2 Bd7
22. Nd2 f5 23. f3 f4 24. Bf2 Bf6 25. a4 Bh4 26. axb5 axb5 27. Ra2 Bxf2+ 28.
Qxf2 Nb7 29. Rea1 Rxa2 30. Rxa2 g5 31. Bd3 h5 32. Be2 Rf7 33. Ra6 Rg7 34. Qf1
b4 35. Nc4 bxc3 36. Qa1 Kh7 37. Qxc3 g4 38. fxg4 Qh4 39. Nxd6 hxg4 40. hxg4
Nxd6 41. Rxd6 Bxg4 42. Bxg4 Qxg4 43. Qd2 Ra7 44. Qb2 Qd1+ 45. Kf2 Rg7 46. Re6
Qh1 0-1

[Event "European Championship (rapid) 2015"]
[Site "Minsk BLR"]
[Date "2015.12.20"]
[Round "11"]
[White "Rakhmanov, Aleksandr"]
[Black "Zhigalko, Sergei"]
[Result "1/2-1/2"]
[WhiteElo "2640"]
[BlackElo "2655"]
[PlyCount "90"]
[EventDate "2015.12.19"]

1. c4 e5 2. Nf3 Nc6 3. d4 exd4 4. Nxd4 Nf6 5. Nxc6 bxc6 6. g3 g6 7. Bg2 Bg7 8.
O-O O-O 9. Nc3 Re8 10. Rb1 Ng4 11. Bd2 Bb7 12. Qa4 a5 13. h3 Nf6 14. Rbd1 Qc8
15. c5 d5 16. cxd6 cxd6 17. e4 d5 18. exd5 cxd5 19. Be3 Bc6 20. Qh4 Qb7 21. b3
Ne4 22. Nxe4 dxe4 23. Rd2 a4 24. Rc1 axb3 25. axb3 h5 26. Bf1 Bd5 27. Bc4 Be6
28. Bxe6 Rxe6 29. Rd8+ Re8 30. Rxa8 Rxa8 31. Qf4 Re8 32. Qd6 Qxb3 33. Qd7 Rf8
34. Qe7 Qd5 35. Qc5 Qe6 36. Kg2 Be5 37. Qc4 Qf5 38. Qe2 Rd8 39. Rc4 Rd3 40. g4
hxg4 41. hxg4 Qd7 42. Rxe4 Qd5 43. Qf3 Rb3 44. Ra4 Qxf3+ 45. Kxf3 Rb8 1/2-1/2

[Event "European Championship (rapid) 2015"]
[Site "Minsk BLR"]
[Date "2015.12.20"]
[Round "8"]
[White "Aleksandrov, Aleksej"]
[Black "Kovalenko, Igor"]
[Result "1/2-1/2"]
[WhiteElo "2615"]
[BlackElo "2680"]
[PlyCount "118"]
[EventDate "2015.12.19"]

1. d4 e6 2. c4 Nf6 3. Nc3 Bb4 4. e3 c5 5. Nge2 d6 6. dxc5 dxc5 7. Qxd8+ Kxd8 8.
Bd2 Nc6 9. Nf4 b6 10. a3 Ba5 11. Nd3 Ke7 12. Rb1 Bxc3 13. Bxc3 Ba6 14. b3 Rhd8
15. f3 Ne8 16. Be2 f6 17. h4 Nd6 18. Nf4 Rac8 19. Kf2 Kf7 20. Rhd1 e5 21. Nd5
Ne7 22. Nxe7 Kxe7 23. Rd2 Nf5 24. Bd3 Nxh4 25. Rh1 Ng6 26. Rxh7 Kf7 27. Be4
Rxd2+ 28. Bxd2 Ne7 29. Bc3 Rd8 30. Rh1 Bc8 31. g4 Be6 32. Rc1 Rh8 33. Kg3 Rd8
34. Kf2 Rh8 35. Kg2 Rd8 36. Kg3 Nc8 37. Bc2 Ne7 38. Rd1 Rxd1 39. Bxd1 Nc8 40.
Bc2 Ke7 41. f4 exf4+ 42. exf4 Nd6 43. f5 Bd7 44. Kf4 Nf7 45. Be4 Nd6 46. Bd5
Bc8 47. Bc6 Ba6 48. a4 Bc8 49. a5 Ba6 50. Ke3 Bc8 51. Bd5 Ba6 52. Kd3 Kd7 53.
Be1 Bb7 54. Bxb7 Nxb7 55. axb6 axb6 56. Ke4 Nd8 57. Bc3 Nf7 58. Kf4 Ke7 59. Ke4
Kd7 1/2-1/2

[Event "European Championship (rapid) 2015"]
[Site "Minsk BLR"]
[Date "2015.12.20"]
[Round "9"]
[White "Kovalenko, Igor"]
[Black "Huzman, Alexander"]
[Result "1/2-1/2"]
[WhiteElo "2680"]
[BlackElo "2581"]
[PlyCount "127"]
[EventDate "2015.12.19"]

1. c4 e6 2. d4 d5 3. Nf3 Nf6 4. g3 Bb4+ 5. Bd2 Be7 6. Bg2 O-O 7. O-O c6 8. Qc2
Nbd7 9. Rd1 b6 10. Bf4 Bb7 11. Nc3 dxc4 12. Nd2 Nd5 13. Nxc4 Nxf4 14. gxf4 Qc7
15. e3 Rac8 16. a4 Nf6 17. Qb3 Qb8 18. a5 b5 19. a6 bxc4 20. Qxb7 Rc7 21. Qxb8
Rxb8 22. Ra4 Rxb2 23. Rxc4 Rb6 24. Ra1 Bd6 25. Bf1 Kf8 26. Kg2 Ke7 27. Kf3 Nd5
28. Ne4 f5 29. Nxd6 Kxd6 30. Rc5 Rb2 31. h3 Nf6 32. Bd3 Rd2 33. Ra3 h6 34. Rc2
Rxc2 35. Bxc2 c5 36. dxc5+ Rxc5 37. Bd3 Nd5 38. Ke2 Rc3 39. Ra4 Rb3 40. Kd2 Rb4
41. Ra2 g5 42. fxg5 hxg5 43. Rc2 Rb6 44. Rc8 Nb4 45. Rg8 Ke5 46. Bc4 Nxa6 47.
Rxg5 Nc5 48. Kc2 Rb4 49. Ba2 Rh4 50. Rg3 a5 51. f3 a4 52. Kc3 a3 53. f4+ Kf6
54. Kb4 Ne4 55. Rf3 Nd2 56. Rf2 Ne4 57. Rf3 Nd2 58. Rf2 Ne4 59. Rh2 e5 60.
fxe5+ Kxe5 61. Kxa3 Ng5 62. Rg2 Nxh3 63. Rg6 f4 64. exf4+ 1/2-1/2

[Event "European Championship (rapid) 2015"]
[Site "Minsk BLR"]
[Date "2015.12.20"]
[Round "10"]
[White "Belyakov, Bogdan"]
[Black "Kovalenko, Igor"]
[Result "1/2-1/2"]
[WhiteElo "2511"]
[BlackElo "2680"]
[PlyCount "148"]
[EventDate "2015.12.19"]

1. e4 e6 2. d4 d5 3. Nc3 Bb4 4. a3 Bxc3+ 5. bxc3 dxe4 6. f3 c5 7. Qd2 Nc6 8.
Bb2 Nf6 9. O-O-O O-O 10. Ne2 c4 11. Ng3 e3 12. Qxe3 Nd5 13. Qd2 Na5 14. h4 Bd7
15. h5 h6 16. Ne4 f5 17. Nf2 Rc8 18. g4 b5 19. Rg1 Rc6 20. g5 hxg5 21. Rxg5 f4
22. Ne4 Rf5 23. Rg1 Rxh5 24. Re1 Be8 25. Kb1 Nb7 26. Qg2 Qe7 27. Rh1 Nd6 28.
Be2 Nf5 29. Rxh5 Bxh5 30. Rh1 Be8 31. Qh2 Nh6 32. Bc1 e5 33. dxe5 Qxe5 34. Rd1
Bg6 35. Rxd5 Qxd5 36. Qxf4 Re6 37. Qb8+ Re8 38. Qxa7 Bxe4 39. fxe4 Qxe4 40. Bh5
Re7 41. Qg1 Kh7 42. Qg3 Qf5 43. Bf3 Rf7 44. Bc6 Rf6 45. Qg2 Qe5 46. Be4+ Kg8
47. Bg6 Qd6 48. Qa8+ Rf8 49. Qe4 Rf6 50. Qa8+ Rf8 51. Qe4 Rf1 52. Kb2 Kh8 53.
Qa8+ Ng8 54. Qg2 Rxc1 55. Kxc1 Qxa3+ 56. Kd2 Qd6+ 57. Kc1 Qd8 58. Qh3+ Nh6 59.
Qh5 Qf6 60. Kb1 Qb6 61. Be4 Qb8 62. Qg6 Kg8 63. Qe6+ Kh8 64. Qg6 Kg8 65. Qe6+
Kf8 66. Bg6 b4 67. Kb2 b3 68. Qxc4 bxc2+ 69. Kxc2 Qh2+ 70. Kb3 Ke7 71. Qd4 Qb8+
72. Kc2 Qh2+ 73. Kb3 Qb8+ 74. Kc2 Qh2+ 1/2-1/2

[Event "European Championship (rapid) 2015"]
[Site "Minsk BLR"]
[Date "2015.12.20"]
[Round "11"]
[White "Kovalenko, Igor"]
[Black "Sivuk, Vitaly"]
[Result "1-0"]
[WhiteElo "2680"]
[BlackElo "2552"]
[PlyCount "143"]
[EventDate "2015.12.19"]

1. e4 e5 2. Nf3 Nc6 3. Bb5 Nf6 4. O-O Nxe4 5. Re1 Nd6 6. Nxe5 Be7 7. Bf1 Nxe5
8. Rxe5 O-O 9. d4 Ne8 10. c4 Nf6 11. Nc3 d6 12. Re1 Bf5 13. Qf3 Bc8 14. Bg5 h6
15. Bh4 c6 16. h3 Be6 17. b3 d5 18. Rad1 Re8 19. Re3 a6 20. c5 Nd7 21. Bxe7
Rxe7 22. Rde1 Qc7 23. Bd3 Rae8 24. b4 Nf8 25. Qg3 Qxg3 26. fxg3 f6 27. a4 Kf7
28. Kf2 Bd7 29. Rxe7+ Rxe7 30. Ne2 Ne6 31. Rb1 Ng5 32. Rb2 Ne4+ 33. Bxe4 Rxe4
34. Rd2 Re8 35. Nc3 g5 36. Rb2 Ra8 37. Ke3 Bf5 38. Rf2 Bg6 39. Kd2 Re8 40. g4
Rh8 41. Rf1 h5 42. gxh5 Bxh5 43. b5 axb5 44. axb5 Ra8 45. Rb1 Bg6 46. Rb2 Ke6
47. bxc6 bxc6 48. Rb6 Be8 49. Rb1 Bg6 50. Rb6 Be8 51. g3 Ra1 52. Rb1 Rxb1 53.
Nxb1 Kf5 54. Ke3 Bd7 55. Kf3 Kg6 56. h4 Kh5 57. hxg5 fxg5 58. Nc3 Kg6 59. Na2
Kf6 60. Nb4 Kf5 61. Nc2 Bc8 62. Ne3+ Kf6 63. Ke2 Ba6+ 64. Kd2 Bc8 65. Kc3 Ke7
66. Kb4 Kd7 67. Ng4 Kc7 68. Ne5 Be6 69. Nf3 g4 70. Ne5 Bf5 71. Kc3 Kb7 72. Kd2
1-0

[Event "European Championship (rapid) 2015"]
[Site "Minsk BLR"]
[Date "2015.12.20"]
[Round "8"]
[White "Rozum, Ivan"]
[Black "Guseinov, Gadir"]
[Result "0-1"]
[WhiteElo "2559"]
[BlackElo "2646"]
[PlyCount "120"]
[EventDate "2015.12.19"]

1. d4 g6 2. g3 Bg7 3. Bg2 d6 4. e4 Nd7 5. Ne2 e5 6. O-O Ne7 7. Nbc3 O-O 8. f4
exd4 9. Nxd4 Nc6 10. Be3 Nb6 11. b3 Qf6 12. Nce2 Bg4 13. c3 Rae8 14. Qd2 Qe7
15. f5 Bxe2 16. Nxe2 Nd7 17. Bg5 Qe5 18. Rae1 Nf6 19. Nd4 Ng4 20. h3 Nxd4 21.
hxg4 Nc6 22. f6 Bh8 23. Rf3 Re6 24. Bh6 Rxf6 25. Rxf6 Bxf6 26. Bxf8 Kxf8 27.
Qf4 Qe7 28. Qe3 b6 29. Bf1 Ne5 30. Be2 Kg7 31. Kg2 Qe6 32. Rf1 h6 33. Rd1 a5
34. Rf1 a4 35. Bd1 axb3 36. axb3 Qc8 37. Qf2 Bg5 38. Qd4 Qa6 39. Rf2 Qa1 40.
Be2 Qc1 41. Bc4 Bf6 42. Qd2 Qxd2 43. Rxd2 Nxg4 44. Be2 Ne5 45. Ra2 Nc6 46. Bb5
Nd8 47. Bd7 Bxc3 48. Rc2 Bd4 49. Rxc7 Kf6 50. Kf3 h5 51. Be8 Be5 52. Rd7 Ne6
53. Rxf7+ Kg5 54. Rb7 Nd4+ 55. Kg2 Nxb3 56. Rxb6 Nc5 57. Kf3 Ne6 58. Ra6 Kf6
59. Bc6 Kg5 60. Ra3 Nd4+ 0-1

[Event "European Championship (rapid) 2015"]
[Site "Minsk BLR"]
[Date "2015.12.20"]
[Round "9"]
[White "Guseinov, Gadir"]
[Black "Smirin, Ilia"]
[Result "0-1"]
[WhiteElo "2646"]
[BlackElo "2658"]
[PlyCount "104"]
[EventDate "2015.12.19"]

1. e4 c5 2. Nc3 Nc6 3. Nf3 e6 4. d4 cxd4 5. Nxd4 d6 6. g3 Nf6 7. Bg2 Bd7 8. O-O
Be7 9. Nb3 h5 10. h3 a6 11. f4 b5 12. a3 Rc8 13. Be3 Qc7 14. Qe2 b4 15. Na4
bxa3 16. Nb6 axb2 17. Rxa6 O-O 18. Nxc8 Bxc8 19. Ra2 Nb4 20. Rxb2 Ba6 21. c4
Bxc4 22. Rc1 Rc8 23. Qd2 Nd3 24. Rxc4 Qxc4 25. Bf1 Nxb2 26. Bxc4 Nxc4 27. Qc2
d5 28. exd5 Nxd5 29. Bf2 h4 30. Qe2 hxg3 31. Bxg3 Nd6 32. Nd4 Bf6 33. Nf3 Nf5
34. Bh2 Nde3 35. Qa6 Rc1+ 36. Kf2 g6 37. Ke2 Rc2+ 38. Kd3 Rc3+ 39. Ke2 Kg7 40.
Bg1 Nd5 41. Qa4 Re3+ 42. Kf2 Nc3 43. Qc2 Be7 44. Qb2 Bc5 45. Kg2 Re2+ 46. Qxe2
Nxe2 47. Bxc5 Nxf4+ 48. Kh2 f6 49. Ba7 e5 50. Bb8 Nd3 51. Kg1 e4 52. Nd2 e3 0-1

[Event "European Championship (rapid) 2015"]
[Site "Minsk BLR"]
[Date "2015.12.20"]
[Round "10"]
[White "Sychev, Klementy"]
[Black "Guseinov, Gadir"]
[Result "1-0"]
[WhiteElo "2415"]
[BlackElo "2646"]
[PlyCount "133"]
[EventDate "2015.12.19"]

1. d4 Nf6 2. c4 g6 3. Nc3 Bg7 4. e4 d6 5. Nf3 O-O 6. Be2 c5 7. O-O cxd4 8. Nxd4
Nc6 9. Be3 Bd7 10. f3 Nxd4 11. Bxd4 a5 12. Qd2 Bc6 13. Rfc1 Nd7 14. Be3 Nc5 15.
Rc2 e6 16. Rd1 Be5 17. Bf1 Qh4 18. g3 Qe7 19. Bg2 Rad8 20. b3 b6 21. Kh1 Qb7
22. Bg5 f6 23. Bh6 Rf7 24. Rf1 Kh8 25. Be3 g5 26. Ne2 f5 27. exf5 Rxf5 28. Nd4
Bxd4 29. Bxd4+ e5 30. g4 Rff8 31. Bxc5 bxc5 32. Qxg5 Rd7 33. Rcf2 Rdf7 34. Qe3
Rf4 35. Kg1 Qe7 36. Rd1 h5 37. h3 hxg4 38. hxg4 Kg7 39. Rdd2 Rh8 40. Kf1 Rh2
41. Kg1 Rh6 42. Kf1 Qf6 43. Kg1 Qh4 44. Kf1 Qg3 45. Rxd6 Rxd6 46. Qxe5+ Rdf6
47. g5 Qh4 48. gxf6+ Rxf6 49. f4 Bxg2+ 50. Rxg2+ Kh6 51. Kg1 Qxf4 52. Rh2+ Kg7
53. Qxf4 Rxf4 54. Rh5 Rd4 55. Rxc5 Rd1+ 56. Kf2 Rd2+ 57. Ke3 Rxa2 58. Kd4 Kf6
59. Rc6+ Ke7 60. Ra6 Kd7 61. b4 a4 62. Kc5 a3 63. b5 Ra1 64. Ra7+ Ke6 65. Kc6
Ke5 66. b6 Rc1 67. c5 1-0

[Event "European Championship (rapid) 2015"]
[Site "Minsk BLR"]
[Date "2015.12.20"]
[Round "11"]
[White "Guseinov, Gadir"]
[Black "Potapov, Pavel"]
[Result "1-0"]
[WhiteElo "2646"]
[BlackElo "2476"]
[PlyCount "77"]
[EventDate "2015.12.19"]

1. e4 d5 2. exd5 Qxd5 3. Nc3 Qd6 4. d4 Nf6 5. h3 g6 6. Nb5 Qb6 7. Nf3 Bg7 8.
Bc4 c6 9. Nc3 O-O 10. O-O Nbd7 11. Qe2 e6 12. a4 a5 13. b3 Qc7 14. Ba3 Re8 15.
Rad1 b6 16. Ng5 Bb7 17. Rfe1 Bf8 18. Bxf8 Nxf8 19. Qe5 Qd8 20. Nce4 Nxe4 21.
Nxe4 Nd7 22. Qf4 Qb8 23. Qh6 Re7 24. Ng5 Nf8 25. Re4 b5 26. Rh4 f6 27. Bxe6+
Kh8 28. Nf7+ Kg8 29. Nd8+ Nxe6 30. Nxe6 Qd6 31. Nc5 Rae8 32. Ne4 Qe6 33. Rd3 c5
34. d5 Qf7 35. Nd6 Re1+ 36. Kh2 Qc7 37. Rg3 Bxd5 38. Rxg6+ Kh8 39. Rg3 1-0

[Event "European Championship (rapid) 2015"]
[Site "Minsk BLR"]
[Date "2015.12.20"]
[Round "8"]
[White "Jobava, Baadur"]
[Black "Petrosian, Tigran L"]
[Result "0-1"]
[WhiteElo "2673"]
[BlackElo "2625"]
[PlyCount "65"]
[EventDate "2015.12.19"]

1. e4 d6 2. d4 Nf6 3. Nc3 g6 4. Be2 Bg7 5. h4 h5 6. Nf3 O-O 7. Ng5 Nc6 8. Be3
e5 9. dxe5 Nxe5 10. f3 Re8 11. Qd2 a6 12. a4 Bd7 13. a5 Bc6 14. Rd1 Qe7 15. O-O
Rad8 16. Bd4 d5 17. Qe3 Ned7 18. Qf2 dxe4 19. fxe4 Rf8 20. Nd5 Bxd5 21. exd5
Qb4 22. Bc3 Qd6 23. Qf4 Rfe8 24. Bc4 Ne5 25. Ne6 fxe6 26. Bxe5 Qc5+ 27. Kh1
exd5 28. Bxf6 Rf8 29. Qg5 Qxc4 30. Qxg6 Rxf6 31. Rxf6 Qxh4+ 32. Kg1 Qxf6 33.
Qxh5 0-1

[Event "European Championship (rapid) 2015"]
[Site "Minsk BLR"]
[Date "2015.12.20"]
[Round "9"]
[White "Popov, Ivan RUS"]
[Black "Jobava, Baadur"]
[Result "1-0"]
[WhiteElo "2650"]
[BlackElo "2673"]
[PlyCount "63"]
[EventDate "2015.12.19"]

1. e4 c6 2. Nc3 d5 3. Nf3 e6 4. d4 Nf6 5. Bd3 Be7 6. O-O b6 7. Qe2 Bb7 8. Bf4
O-O 9. Rad1 Nbd7 10. a3 h6 11. Rfe1 Re8 12. h3 Nf8 13. Ne5 N6d7 14. Qg4 Nxe5
15. Bxe5 Ng6 16. Bh2 Nf8 17. exd5 exd5 18. Be5 Bf6 19. Qf4 Bxe5 20. Rxe5 Ne6
21. Qf5 g6 22. Qg4 Qf6 23. Rde1 Kg7 24. h4 h5 25. Qg3 Kf8 26. R1e3 Kg8 27. Ne2
Ng7 28. Nf4 Kh8 29. Rf3 Qd6 30. Nxg6+ Kg8 31. Rxe8+ Nxe8 32. Ne5+ 1-0

[Event "European Championship (rapid) 2015"]
[Site "Minsk BLR"]
[Date "2015.12.20"]
[Round "10"]
[White "Matinian, Nikita"]
[Black "Jobava, Baadur"]
[Result "1-0"]
[WhiteElo "2470"]
[BlackElo "2673"]
[PlyCount "86"]
[EventDate "2015.12.19"]

1. e4 c5 2. Nf3 Nc6 3. Bb5 e5 4. O-O Bd6 5. a4 Nge7 6. Na3 O-O 7. Nc4 Bc7 8. h3
a6 9. Bxc6 Nxc6 10. Re1 d5 11. exd5 Qxd5 12. d3 f6 13. a5 Be6 14. b3 Nd4 15.
Nfd2 f5 16. Bb2 Rf6 17. Bxd4 exd4 18. Qf3 Kf8 19. Re2 Rd8 20. Qxd5 Bxd5 21.
Rae1 Bc6 22. Re7 Re8 23. Rxe8+ Bxe8 24. Nf3 Bb5 25. Ng5 Bxc4 26. Nxh7+ Kf7 27.
Nxf6 Bxa5 28. Re2 Bxd3 29. cxd3 Kxf6 30. Re8 Bc7 31. Rc8 Bd6 32. f4 Bxf4 33.
Rxc5 Ke6 34. Kf2 Bd6 35. Rc8 a5 36. Ra8 b6 37. Kf3 Kd5 38. Ra7 Be5 39. h4 Kc5
40. h5 b5 41. Rxa5 Kb4 42. Ra6 Kxb3 43. Re6 Bh2 1-0

[Event "European Championship (rapid) 2015"]
[Site "Minsk BLR"]
[Date "2015.12.20"]
[Round "11"]
[White "Jobava, Baadur"]
[Black "Sarana, Alexey"]
[Result "1/2-1/2"]
[WhiteElo "2673"]
[BlackElo "2432"]
[PlyCount "25"]
[EventDate "2015.12.19"]

1. d4 Nf6 2. Nc3 d5 3. Bf4 e6 4. e3 Be7 5. Nf3 O-O 6. Bd3 c5 7. dxc5 Bxc5 8.
O-O Bd7 9. e4 dxe4 10. Nxe4 Nxe4 11. Bxe4 Bc6 12. Bxh7+ Kxh7 13. Ng5+ 1/2-1/2

[Event "European Championship (rapid) 2015"]
[Site "Minsk BLR"]
[Date "2015.12.20"]
[Round "8"]
[White "Gunina, Valentina"]
[Black "Movsesian, Sergei"]
[Result "0-1"]
[WhiteElo "2502"]
[BlackElo "2659"]
[PlyCount "78"]
[EventDate "2015.12.19"]

1. d4 Nf6 2. c4 g6 3. Nc3 Bg7 4. e4 O-O 5. Nf3 d6 6. Be2 Nbd7 7. O-O e5 8. dxe5
dxe5 9. Bg5 h6 10. Bh4 c6 11. Qd6 Re8 12. Rad1 Qb6 13. b3 Bf8 14. Qd3 Nh5 15.
Qc2 Nc5 16. Rfe1 Ne6 17. Bf1 Nef4 18. Na4 Qa5 19. c5 Bg4 20. Re3 Ne6 21. Rc1
Bxf3 22. gxf3 Be7 23. Bxe7 Rxe7 24. Rd3 Nd4 25. Qc3 Qd8 26. Nb2 Nf4 27. Re3 b5
28. cxb6 axb6 29. a4 Re6 30. Nd3 Qg5+ 31. Kh1 Rf6 32. Rd1 Nxd3 33. Rdxd3 Rf4
34. Rd1 Rh4 35. h3 Qh5 36. Kh2 c5 37. Rb1 Ne6 38. b4 Nf4 39. bxc5 Rxh3+ 0-1

[Event "European Championship (rapid) 2015"]
[Site "Minsk BLR"]
[Date "2015.12.20"]
[Round "9"]
[White "Movsesian, Sergei"]
[Black "Demidov, Mikhail"]
[Result "1-0"]
[WhiteElo "2659"]
[BlackElo "2485"]
[PlyCount "67"]
[EventDate "2015.12.19"]

1. Nf3 d5 2. g3 c6 3. Bg2 Bg4 4. c4 Bxf3 5. Bxf3 e6 6. O-O Nf6 7. Qc2 Be7 8. d4
O-O 9. Rd1 Nbd7 10. Bf4 dxc4 11. Qxc4 Qb6 12. Nc3 Rac8 13. e4 Rfd8 14. Qe2 Nf8
15. Be3 Qc7 16. Rac1 Qb8 17. Bf4 Qa8 18. d5 cxd5 19. exd5 Bb4 20. Bg5 Bxc3 21.
bxc3 exd5 22. Bxf6 gxf6 23. Bxd5 Rc7 24. Qg4+ Ng6 25. h4 Qc8 26. Qf3 Rcd7 27.
c4 Rd6 28. Re1 Ne5 29. Qh5 b6 30. Kg2 Qc5 31. Rcd1 b5 32. Rxe5 fxe5 33. Qxf7+
Kh8 34. Be4 1-0

[Event "European Championship (rapid) 2015"]
[Site "Minsk BLR"]
[Date "2015.12.20"]
[Round "10"]
[White "Motylev, Alexander"]
[Black "Movsesian, Sergei"]
[Result "1/2-1/2"]
[WhiteElo "2653"]
[BlackElo "2659"]
[PlyCount "94"]
[EventDate "2015.12.19"]

1. e4 d6 2. d4 Nf6 3. Nc3 e5 4. Nf3 Nbd7 5. Bc4 Be7 6. O-O O-O 7. a4 a6 8. Re1
b6 9. b3 Bb7 10. d5 h6 11. Nd2 c6 12. dxc6 Bxc6 13. Nf1 Nc5 14. Ng3 Qd7 15. Nd5
Nxd5 16. Bxd5 Rfc8 17. Be3 Rab8 18. Nf5 Bxd5 19. Qxd5 Bf8 20. f3 h5 21. Red1
Ne6 22. c4 Qc7 23. Bf2 g6 24. Ne3 Nd4 25. Rxd4 exd4 26. Nf1 Bg7 27. Bxd4 Qc6
28. Rd1 Qxd5 29. exd5 b5 30. Bxg7 Kxg7 31. axb5 axb5 32. Nd2 bxc4 33. Nxc4 Rc5
34. Nxd6 Rd8 35. b4 Rc2 36. Ne4 Rb2 37. d6 Rxb4 38. Nc5 Kf8 39. Kf2 Rb5 40. Rd5
Rb6 41. d7 Ke7 42. h4 Rc6 43. Kg3 Rc7 44. Kf4 f6 45. g4 hxg4 46. fxg4 Kf7 47.
g5 Rxc5 1/2-1/2

[Event "European Championship (rapid) 2015"]
[Site "Minsk BLR"]
[Date "2015.12.20"]
[Round "11"]
[White "Movsesian, Sergei"]
[Black "Huzman, Alexander"]
[Result "1/2-1/2"]
[WhiteElo "2659"]
[BlackElo "2581"]
[PlyCount "173"]
[EventDate "2015.12.19"]

1. e4 c5 2. Nf3 d6 3. d4 cxd4 4. Nxd4 Nf6 5. Nc3 a6 6. g3 e5 7. Nb3 Nbd7 8. Bg2
Be7 9. a4 b6 10. O-O O-O 11. Re1 Bb7 12. Nd2 Rc8 13. Nf1 Rc4 14. Ne3 Rd4 15.
Qe2 g6 16. Ned5 Nxd5 17. Nxd5 Bxd5 18. exd5 Qc7 19. b3 Bf6 20. Be3 Rb4 21. Bd2
Rd4 22. Rac1 Nc5 23. Bh6 Bg7 24. Be3 Rb4 25. Bd2 Rd4 26. Bc3 Bf6 27. Bxd4 exd4
28. Qc4 Qb8 29. Bh3 Kg7 30. Rcd1 b5 31. axb5 axb5 32. Qb4 Qb6 33. Bf1 Rb8 34.
h4 h5 35. Qd2 Ra8 36. Qf4 Ra2 37. Re8 Nd7 38. Rde1 Be5 39. Qd2 Nf6 40. R8xe5
dxe5 41. Rxe5 Qc5 42. Bd3 Ng4 43. Re1 Qxd5 44. Qf4 Ra7 45. Qb8 Qf3 46. Qf4 Qxf4
47. gxf4 b4 48. Kg2 Kf6 49. Re8 Nh6 50. Rb8 Nf5 51. Rb6+ Kg7 52. Rxb4 Rd7 53.
Kh3 Ne7 54. Kg3 Nf5+ 55. Kh3 Ne7 56. Rb5 Kf6 57. Rb6+ Kg7 58. Rb5 Kf6 59. Rc5
Nd5 60. Kg3 Nb4 61. Be4 d3 62. cxd3 Nxd3 63. Rc6+ Kg7 64. Rc3 Nb4 65. Rc4 Nd3
66. b4 f5 67. Bc6 Ra7 68. b5 Ra3 69. f3 Rb3 70. Rd4 Nc5 71. Kg2 Ne6 72. Rc4 Nc7
73. Rc5 Ne6 74. Re5 Nxf4+ 75. Kg3 Nd3 76. Rd5 Kf6 77. Rd6+ Kg7 78. Be8 f4+ 79.
Kg2 Rb2+ 80. Kf1 Ne5 81. Bc6 Nc4 82. Rd4 Ne3+ 83. Kg1 Rb1+ 84. Kh2 Rb2+ 85. Kg1
Rb1+ 86. Kh2 Rb2+ 87. Kg1 1/2-1/2

[Event "European Championship (rapid) 2015"]
[Site "Minsk BLR"]
[Date "2015.12.20"]
[Round "9"]
[White "Short, Nigel D"]
[Black "Aleksandrov, Aleksej"]
[Result "1-0"]
[WhiteElo "2684"]
[BlackElo "2615"]
[PlyCount "103"]
[EventDate "2015.12.19"]

1. d4 d5 2. c4 e6 3. Nc3 Bb4 4. e3 c5 5. a3 Bxc3+ 6. bxc3 Nc6 7. Bd3 dxc4 8.
Bxc4 Nf6 9. Ne2 O-O 10. O-O Qc7 11. Bb2 b6 12. Rc1 Rd8 13. f3 Ne5 14. Bb5 a6
15. Bd3 Nxd3 16. Qxd3 Bb7 17. e4 Rac8 18. Qe3 b5 19. c4 cxd4 20. Bxd4 Qe7 21.
cxb5 axb5 22. Bc5 Qe8 23. Nd4 h6 24. Bb4 Rxc1 25. Rxc1 Rc8 26. Rxc8 Bxc8 27.
Qc3 Bd7 28. Bd6 Qd8 29. Qc5 Qa5 30. h3 Qe1+ 31. Kh2 Qe3 32. Nxe6 Qxc5 33. Nxc5
Bc6 34. Nd3 h5 35. Ne5 Be8 36. Kg3 Nd7 37. Nc6 f6 38. f4 Nb6 39. Nd4 Nc4 40.
Bb4 Kf7 41. f5 Bd7 42. Kf4 g6 43. fxg6+ Kxg6 44. Nf5 Be6 45. Ne7+ Kf7 46. Nd5
Kg6 47. Kf3 Ne5+ 48. Ke3 Nc4+ 49. Kd4 Bd7 50. h4 Bg4 51. Kc5 Be2 52. Nf4+ 1-0